| 000 | 00432nam a2200145 4500 | ||
|---|---|---|---|
| 999 |
_c11426 _d11426 |
||
| 008 | 181203b ||||| |||| 00| 0 eng d | ||
| 022 | _a2094-8042 | ||
| 082 | _aDPer 050 T48 Apr-June 2016 | ||
| 100 |
_932764 _aAi Weiwei |
||
| 245 |
_aMussie Zerai: _bfather to refugees/ _cAi Weiwei. |
||
| 260 |
_aHong Kong; _bTime Asia, _cc2016. |
||
| 300 |
_av187 n16, pages 22-23: _billustrations; _c27cm. |
||
| 650 | 0 |
_932765 _a1 |
|
| 942 |
_2ddc _cPER |
||